| 000 | 00495nam a22001697a 4500 | ||
|---|---|---|---|
| 999 |
_c26557 _d26557 |
||
| 003 | BDDh-ASL | ||
| 005 | 20231015030645.0 | ||
| 008 | 211013n p ||||| |||| 00| 0 u d | ||
| 040 |
_aBDDh-ASL _cBDDh-ASL |
||
| 082 |
_a297.3 _bRAI |
||
| 100 | 1 |
_94997 _aRashid, Mian Abdur |
|
| 245 | 1 | 0 | _aIslam Aur Ta'mire Shakhsiyat : / اسلام اور تعمير شخصيت |
| 260 |
_aLahore: _bIdara Saqafat-e Islamiya , |
||
| 300 |
_a312 p. : _c22 cm. |
||
| 650 | 0 |
_91652 _aIslam |
|
| 942 |
_2ddc _cBK |
||